| 000 | 00627nam a2200241Ia 4500 | ||
|---|---|---|---|
| 003 | OSt | ||
| 005 | 20221007071917.0 | ||
| 006 | a|||||r|||| 00| 0 | ||
| 007 | ta | ||
| 008 | 221006b |||||||| |||| 00| 0 eng d | ||
| 024 | _a19,153 | ||
| 037 | _cTextual | ||
| 040 |
_aFLL _cFLL _beng |
||
| 041 |
_2eng _aeng |
||
| 082 | _aZ:91, F31 | ||
| 100 |
_aPollock Frederick _978134 |
||
| 245 | 0 | _aFirst book of jurisprudence | |
| 250 | _a5th | ||
| 260 |
_aLondon _bMacmillan and Co., Ltd. England _c1923 |
||
| 300 |
_a373p _ccm. |
||
| 942 |
_hZ:91, F31 _cTEXL _2CC |
||
| 999 |
_c1144655 _d1144655 |
||